Good practice with vulnerable adults (Record no. 48057)
[ view plain ]
| 000 -LEADER | |
|---|---|
| fixed length control field | 01239nam a2200337Ia 4500 |
| 082 04 - DEWEY DECIMAL CLASSIFICATION NUMBER | |
| Classification number | 361.32 |
| 245 00 - TITLE STATEMENT | |
| Title | Good practice with vulnerable adults |
| 260 ## - PUBLICATION, DISTRIBUTION, ETC. (IMPRINT) | |
| Place of publication | London : |
| Name of publisher | Jessica Kingsley, |
| Year of publication | 2001. |
| 300 ## - PHYSICAL DESCRIPTION | |
| Number of Pages | 318 p. : |
| Other physical details | ill. |
| 490 1# - SERIES STATEMENT | |
| Series statement | Good practice series ; |
| 650 #0 - SUBJECT ADDED ENTRY--TOPICAL TERM | |
| Topical Term | Social service. |
| Topical Term | Social work administration. |
| 700 1# - ADDED ENTRY--PERSONAL NAME | |
| Personal name | Pritchard, Jacki. |
| 856 40 - ELECTRONIC LOCATION AND ACCESS | |
| Uniform Resource Identifier | http://site.ebrary.com/lib/rucke/Doc?id=10064398 |
No items available.
